000 00759nam a2200229 u 4500
005 20240228063940.0
008 080623s2006 mx r 000 0 spa d
020 _a9681682505
035 _aUPN01000157271
049 _aI
050 4 _aPZ74.3
_bY3.8
100 1 _aYáñez, Ricardo,
_d1948-
_935494
245 1 3 _aUn pajarillo canta /
_cRicardo Yañez ; il. Carlos Pellicer López.
260 _aMéxico :
_bFCE :
_bAnturios,
_cc2006.
300 _a[35] p. :
_bprincipalmente il. col.
440 4 _aLos especiales a la orilla del viento.
_pSer poesía para mirar en voz alta
650 7 _aPoesía infantil
_2
_91259
650 4 _aLibros y lectura para niños
_92290
700 1 _aPellicer López, Carlos,
_eil.
905 _aInfantil
999 _c129385
_d129385